THE INDIAN PENAL CODE (ACT . NO 45 OF 1860) : with the criminal law act, 2018 (No. 22 of 2018) (Record no. 6938)

MARC details
000 -LEADER
fixed length control field 00499nam a22001697a 4500
005 - DATE AND TIME OF LATEST TRANSACTION
control field 20210904120513.0
008 - FIXED-LENGTH DATA ELEMENTS--GENERAL INFORMATION
fixed length control field 200608b xxu||||| |||| 00| 0 eng d
020 ## - INTERNATIONAL STANDARD BOOK NUMBER
ISBN 978-93-86456-77-9
041 ## - LANGUAGE CODE
Language code of text/sound track or separate title eng
100 ## - MAIN ENTRY--AUTHOR NAME
Personal name MISRA, SURYA NARAYAN
245 ## - TITLE STATEMENT
Title THE INDIAN PENAL CODE (ACT . NO 45 OF 1860) : with the criminal law act, 2018 (No. 22 of 2018)
250 ## - EDITION STATEMENT
Edition statement 21st Ed. 2018
260 ## - PUBLICATION, DISTRIBUTION, ETC. (IMPRINT)
Place of publication ALLAHABAD
Name of publisher CENTRAL LAW PUBLICATION
300 ## - PHYSICAL DESCRIPTION
Number of Pages 1052;lxxvi.p
650 ## - SUBJECT ADDED ENTRY--TOPICAL TERM
Topical Term LAW
942 ## - ADDED ENTRY ELEMENTS (KOHA)
Koha item type Books
Holdings
Lost status Damaged status Collection code Home library Current library Shelving location Date acquired Source of acquisition Cost, normal purchase price Accession Number Koha item type
    LAW JRU Library JRU Library SHELF-29-B 20/06/2020 PURCHESS 690.00 24922 Books
    LAW JRU Library JRU Library SHELF-29-B 20/06/2020 PURCHESS 690.00 24923 Books
    LAW JRU Library JRU Library SHELF-29-B 20/06/2020 PURCHESS 690.00 24924 Books